| 000 | 00671nam a2200217 a 4500 | ||
|---|---|---|---|
| 999 |
_c6275 _d6275 |
||
| 001 | 6275 | ||
| 003 | BD-JhCC | ||
| 005 | 20180118183459.0 | ||
| 008 | 180118s1983 bg |||| ||a| 000 0 ben d | ||
| 035 | _a(BD-JhCC)6275 | ||
| 040 |
_aBD-JhCC _dBD-JhCC |
||
| 041 | _aben | ||
| 082 |
_a297.124 _bRAH 1983 |
||
| 100 | _aরহমান, গাজী শামছুর | ||
| 245 |
_aফারায়েজ / _cগাজী শামছুর রহমান |
||
| 260 |
_aঢাকা : _bইসলামিক ফাউন্ডেশন বাংলাদেশ, _c১৯৮৩. |
||
| 300 |
_a197 p. : _c21 cm. |
||
| 650 | _aHadith | ||
| 942 |
_2ddc _cBK |
||